00261nam a22000977a 4500008004100000020001500041020001500056041000800071080000700079245007700086160510b xxu||||| |||| 00| 0 eng d a3527290613 a1560818697 aeng a54 aOrganosilicon chemistry from molecules to materials:cN. Auner; J. Weis;